[Event "ROM-chT"]
[Site "Romania"]
[Date "1993.??.??"]
[Round "8"]
[White "Popescu, Daniel Dorin"]
[Black "Constantin, Alexandru"]
[Result "1-0"]
[WhiteElo "2305"]
[BlackElo "2115"]
[PlyCount "55"]
[EventDate "1993.??.??"]
[EventType "team"]
[EventRounds "9"]
[EventCountry "ROU"]
[SourceTitle "EXT 1998"]
[Source "ChessBase"]
[SourceDate "1997.11.17"]
[SourceVersion "1"]
[SourceVersionDate "1997.11.17"]
[SourceQuality "1"]

1. e4 e5 2. Nf3 d6 3. d4 Nd7 4. Nc3 exd4 5. Nxd4 Ngf6 6. Be3 g6 7. f3 Bg7 8. Qd2 a6 9. 0-0-0 0-0 10. g4 c6 11. g5 Ne8 12. f4 Qc7 13. h4 b5 14. h5 Nb6 15. Qh2 Bxd4 16. Bxd4 c5 17. Bf6 Bg4 18. Be2 Bxe2 19. Nxe2 Nxf6 20. gxf6 Rfe8 21. hxg6 fxg6 22. f5 g5 23. Rdg1 Kh8 24. Nf4 gxf4 25. Rg7 Qxg7 26. fxg7+ Kxg7 27. Qh6+ Kf7 28. Qxd6 1-0